|
|
|
|
| LEADER |
00000nas a2200000 a 4500 |
| 001 |
ssj0000580864 |
| 003 |
WaSeSS |
| 005 |
20200512172242.0 |
| 006 |
m d |
| 007 |
cr n |
| 008 |
110811c20079999sp f| p|s|||||| |0spa d |
| 022 |
|
|
|a 1887-5238
|l 1887-5238
|
| 035 |
|
|
|a (WaSeSS)ssj0000580864
|
| 040 |
|
|
|a WaSeSS
|c WaSeSS
|d WaSeSS
|
| 050 |
|
4 |
|a BH1
|
| 210 |
0 |
|
|a Cartaphilus
|b (Murcia)
|
| 222 |
|
0 |
|a Cartaphilus
|b (Murcia)
|
| 245 |
0 |
0 |
|a Cartaphilus
|h [electronic resource].
|
| 246 |
1 |
|
|a Revista de investigación y crítica estética
|
| 260 |
|
|
|a Murcia, Spain :
|b Universidad de Murcia
|
| 310 |
|
|
|a Semiannual
|
| 362 |
1 |
|
|a Began with Vol. 1 (2007).
|
| 506 |
|
|
|a License restrictions may limit access.
|
| 588 |
|
|
|a Description based on Vol. 1 (2007); title from article pdf (e-Revistas, viewed August 11, 2011).
|
| 588 |
|
|
|a Latest issue consulted: Vol. 7-8 (2010) (viewed August 11, 2011).
|
| 650 |
|
0 |
|a Aesthetics
|v Periodicals.
|
| 650 |
|
0 |
|a Aesthetics
|x History and criticsm
|v Periodicals.
|
| 650 |
|
0 |
|a Criticism
|v Periodicals.
|
| 655 |
|
0 |
|a Electronic journals.
|
| 856 |
4 |
0 |
|z Full text available from Research Library: 01/01/2014 to present
|u https://search.proquest.com/publication/2035788
|
| 856 |
4 |
0 |
|z Full text available from PRISMA Database with HAPI Index: 01/01/2014 to 01/31/2016
|u https://search.proquest.com/publication/2036013
|